书目信息 |
| 题名: |
矮人星上的矮人
|
|
| 作者: | 埃科 著 ;卡尔米 , 王建全 绘 | |
| 分册: | ||
| 出版信息: | 上海 上海译文出版社 2020.08 |
|
| 页数: | 106页 | |
| 开本: | 21cm | |
| 丛书名: | 翁贝托·埃科作品系列 | |
| 单 册: | ||
| 中图分类: | I546.45 | |
| 科图分类: | ||
| 主题词: | 短篇小说--意大利--现代--小说集 | |
| 电子资源: | ||
| ISBN: | 978-7-5327-8403-5 | |
| 000 | 01233oam2 2200301 450 | |
| 001 | 0102100410 | |
| 005 | 20210402100818.0 | |
| 010 | @a978-7-5327-8403-5@b精装@dCNY48.00 | |
| 100 | @a20200713d2020 em y0chiy50 ea | |
| 101 | 1 | @achi@cita |
| 102 | @aCN@b310000 | |
| 105 | @aa z 000ay | |
| 106 | @ar | |
| 200 | 1 | @a矮人星上的矮人@Aai ren xing shang de ai ren@dTre racconti@f(意)翁贝托·埃科著@g欧金尼奥·卡尔米绘@g王建全译@zita |
| 210 | @a上海@c上海译文出版社@d2020.08 | |
| 215 | @a106页@c彩图@d21cm | |
| 225 | 2 | @a翁贝托·埃科作品系列 |
| 314 | @a翁贝托·埃科,欧洲重要的公共知识分子。小说家、符号学家、美学家、史学家、哲学家。 | |
| 330 | @a《矮人星上的矮人》是意大利著名作家翁贝托·埃科的短篇故事集,两篇完成于1988年,一篇完成于1992年。作者驾轻就熟地用极其简单又不失诙谐的语言向大小读者传达了其本人对现代文明的警醒和对人类未来的思考 | |
| 461 | 0 | @12001 @a翁贝托·埃科作品系列 |
| 510 | 1 | @aTre racconti@zeng |
| 606 | 0 | @a短篇小说@y意大利@z现代@j小说集 |
| 690 | @aI546.45@v5 | |
| 701 | 1 | @c(意)@a埃科@Aai ke@c(Eco, Umberto@f1932-2016)@4著 |
| 702 | 1 | @c(意)@a卡尔米@Aka er mi@c(Carmi, Eugenio)@4绘 |
| 702 | 0 | @a王建全@Awang jian quan@4译 |
| 801 | 0 | @aCN@bBJSZM@c20210402 |
| 905 | @b1274240-4@dI546.45@e114@f5 | |
| 矮人星上的矮人=Tre racconti/(意)翁贝托·埃科著/欧金尼奥·卡尔米绘/王建全译.-上海:上海译文出版社,2020.08 |
| 106页:彩图;21cm.-(翁贝托·埃科作品系列) |
| ISBN 978-7-5327-8403-5(精装):CNY48.00 |
| 《矮人星上的矮人》是意大利著名作家翁贝托·埃科的短篇故事集,两篇完成于1988年,一篇完成于1992年。作者驾轻就熟地用极其简单又不失诙谐的语言向大小读者传达了其本人对现代文明的警醒和对人类未来的思考 |
| ● |
| 相关链接 |
|
|
|
|
正题名:矮人星上的矮人
索取号:I546.45/114
 
预约/预借
| 序号 | 登录号 | 条形码 | 馆藏地/架位号 | 状态 | 备注 |
| 1 | 1274240 | 212742406 | 第一样本阅览室/ [索取号:I546.45/114] | 在馆 | |
| 2 | 1274241 | 212742415 | 教育系资料室/ [索取号:I546.45/114] |
已借出,限还日期为2026.09.11 借出人:孙立双 |
|
| 3 | 1274242 | 212742424 | 教育系资料室/ [索取号:I546.45/114] | 在馆 | |
| 4 | 1274243 | 212742433 | 第二借阅区/ [索取号:I546.45/114] | 在馆 | |
| 5 | 1274244 | 212742442 | 第二借阅区/ [索取号:I546.45/114] | 在馆 |